000 00845 am a2200253ua 4500
001 012648328
005 20140302112831.0
008 860901t1986 xxkad grb 001 0 eng d
020 _a0709911815
040 _aUk
_cUk
082 0 4 _a332.644
_222
_bFUT
245 0 0 _aFutures markets :
_btheir establishment and performance /
_cedited by Barry A. Goss.
260 _aLondon ;
_aSydney :
_bCroom Helm,
_cc.1986.
300 _a248 p. :
_bchart, tables ;
_c23 cm.
500 _aIndex : p. 247-248.
504 _aIncludes bibliographical references.
650 0 _aCommodity exchanges
_935035
650 0 _aSpeculation
_935036
653 _bBUSADM
_cFebruary2014
655 _vreading book
_934232
690 7 _aManagement and Business Studies
_2blcoll
700 1 _aGoss, B. A.
_q(Barry Andrew),
_d1939-
_935038
_eeditor.
942 _2ddc
_k332.644 FUT
999 _c18013
_d17985